| 000 | 00438nam a2200181Ia 4500 | ||
|---|---|---|---|
| 005 | 20260304154225.0 | ||
| 020 | _a9781260288421 | ||
| 050 | _aQP 514 .R63/ | ||
| 100 | _aRodwell, W. Victor... [et al.] | ||
| 245 | 0 | _aHarper's illustrated biochemistry. | |
| 250 | _a31st ed. | ||
| 260 | _aNew York | ||
| 260 | _b Lange Medical Books/McGraw-Hill | ||
| 260 | _c2018 | ||
| 300 | _a817 p | ||
| 650 | _aBiochemistry | ||
| 942 |
_cBK _2lcc |
||
| 999 |
_c44091 _d44091 |
||